Statistics for Gli Edifici (IT)

Click here to take the quiz!

General Stats

  • This quiz has been taken 105 times
    (5 since last reset)
  • The average score is 11 of 21

Answer Stats

EN IT % Correct
circuscirco
100%
chapelcappella
100%
city hallmunicipio
67%
cathedralcattedrale
67%
amphitheateranfiteatro
67%
dance clubdiscoteca
67%
brothelbordello
67%
beach housecasa al mare
67%
embassyambasciata
67%
bomb shelterrifugio antiaereo
67%
depot (storehouse)magazzino
33%
dwellingdimora
33%
courtroomtribunale
33%
dome - cupolavolta
33%
antenna towertraliccio
33%
bunkhousebaracca
33%
boathouserimessa
33%
cabinbaita
33%
assembly hallcentro d'incontro
33%
clubhousesede di club
33%
cottagevilletta
33%

Score Distribution

Percentile by Number Answered

Percent of People with Each Score

Your Score History

You have not taken this quiz since the last reset